[Event "Parsvnath Commonwealth ch 2010"]
[Site "Nueva Delhi IND"]
[Date "2010.05.15"]
[Round "9.17"]
[White "Kaushik, S."]
[Black "Shyam, Nikil P"]
[Result "1-0"]
[WhiteElo "2144"]
[BlackElo "2385"]
[PlyCount "117"]
[EventDate "2010.05.10"]
[EventType "swiss"]
[EventRounds "11"]
[EventCountry "IND"]
[Source "lmi"]
[SourceDate "2010.05.10"]

1. e4 c5 2. Nf3 d6 3. d4 cxd4 4. Nxd4 Nf6 5. Nc3 a6 6. Bg5 e6 7. f4 Qc7 8. Qf3
b5 9. Bxf6 gxf6 10. O-O-O Nc6 11. f5 Nxd4 12. Rxd4 Qc5 13. Rd1 Bb7 14. Kb1 Qe5
15. Bd3 h5 16. Rhf1 Rh6 17. h4 O-O-O 18. g4 hxg4 19. Qxg4 Rh8 20. Ne2 Bh6 21.
Qf3 d5 22. exd5 Bxd5 23. Qg4 Bb7 24. Nc3 Rdg8 25. Qb4 Bf8 26. Qb3 Rxh4 27. fxe6
Rb4 28. exf7 Rh8 29. Bf5+ Kc7 30. Rd7+ Kb6 31. Qe6+ Qxe6 32. Bxe6 Rhh4 33. Nd5+
Bxd5 34. Bxd5 Rbd4 35. Rxf6+ Ka5 36. a3 b4 37. axb4+ Rxb4 38. Bb7 Rh6 39. Rxh6
Bxh6 40. c3 Rb6 41. Rd5+ Ka4 42. Bc8 Kb3 43. Rf5 Rd6 44. Rf1 a5 45. Bf5 Bf8 46.
Bc2+ Kc4 47. Rf5 Ra6 48. Ba4 Kd3 49. Bc2+ Kc4 50. Ba4 Kd3 51. Rh5 Rf6 52. Be8
a4 53. Rh3+ Kd2 54. Bxa4 Rxf7 55. Bb5 Rb7 56. Bc4 Bg7 57. Rd3+ Ke1 58. Kc2 Bf8
59. Rf3 1-0

[Event "Parsvnath Commonwealth ch 2010"]
[Site "Nueva Delhi IND"]
[Date "2010.05.15"]
[Round "9.18"]
[White "Gupta, Abhijeet"]
[Black "Prasanna, Rao"]
[Result "1/2-1/2"]
[WhiteElo "2570"]
[BlackElo "2309"]
[PlyCount "60"]
[EventDate "2010.05.10"]
[EventType "swiss"]
[EventRounds "11"]
[EventCountry "IND"]
[Source "lmi"]
[SourceDate "2010.05.10"]

1. d4 Nf6 2. c4 e6 3. Nf3 b6 4. g3 Bb7 5. Bg2 Be7 6. O-O O-O 7. Re1 d5 8. cxd5
exd5 9. Nc3 Na6 10. Bf4 c5 11. dxc5 Nxc5 12. Rc1 Nce4 13. Be5 Bc5 14. Bd4 Rc8
15. Qb3 Ng4 16. Bxc5 Nxc5 17. Qa3 d4 18. Rcd1 Qf6 19. Nb5 d3 20. h3 Bxf3 21.
exf3 Ne5 22. Qxa7 Nxf3+ 23. Bxf3 Qxf3 24. Qxb6 Rc6 25. Qa7 Rh6 26. h4 Rxh4 27.
gxh4 Qg4+ 28. Kh2 Qxh4+ 29. Kg2 Qg4+ 30. Kh2 Qh4+ 1/2-1/2

[Event "Parsvnath Commonwealth ch 2010"]
[Site "Nueva Delhi IND"]
[Date "2010.05.15"]
[Round "9.19"]
[White "Safarli, Eltaj"]
[Black "Shyam, Sundar M"]
[Result "1/2-1/2"]
[WhiteElo "2610"]
[BlackElo "2372"]
[PlyCount "98"]
[EventDate "2010.05.10"]
[EventType "swiss"]
[EventRounds "11"]
[EventCountry "IND"]
[Source "lmi"]
[SourceDate "2010.05.10"]

1. e4 e6 2. d4 d5 3. exd5 exd5 4. c4 Nf6 5. Nc3 Be7 6. Bd3 O-O 7. Nge2 Nc6 8.
cxd5 Nxd5 9. O-O Bg4 10. Be4 Nf6 11. Bxc6 bxc6 12. h3 Bf5 13. Ng3 Be6 14. Bf4
Nd5 15. Nxd5 Qxd5 16. Bxc7 Bf6 17. Ne2 Rfc8 18. Bf4 c5 19. Be3 Rd8 20. dxc5 Qc4
21. Qe1 Bxb2 22. Rd1 Qxa2 23. Rxd8+ Rxd8 24. Qb4 Be5 25. Nf4 Bxf4 26. Bxf4 Qa6
27. Be5 Rc8 28. Rd1 Qe2 29. Re1 Qc4 30. Qb2 Qb3 31. Qa1 Qa2 32. Qc1 Qd5 33. Qa1
Qa2 34. Qc3 Qb3 35. Qa5 Qa2 36. Qc3 Qb3 37. Qd4 Qd5 38. Bxg7 Rxc5 39. Ra1 a5
40. Qxd5 Bxd5 41. Bd4 Rc4 42. Bf6 a4 43. Rd1 Rc5 44. Rd4 Rc6 45. Be5 f6 46.
Rxd5 fxe5 47. Rxe5 Rc1+ 48. Kh2 Rc2 49. Kg3 Rc3+ 1/2-1/2

[Event "Parsvnath Commonwealth ch 2010"]
[Site "Nueva Delhi IND"]
[Date "2010.05.15"]
[Round "9.20"]
[White "Kunte, Abhijit"]
[Black "Priyadharshan, K."]
[Result "1-0"]
[WhiteElo "2523"]
[BlackElo "2362"]
[PlyCount "95"]
[EventDate "2010.05.10"]
[EventType "swiss"]
[EventRounds "11"]
[EventCountry "IND"]
[Source "lmi"]
[SourceDate "2010.05.10"]

1. d4 d5 2. c4 dxc4 3. Nf3 Nf6 4. e3 e6 5. Bxc4 a6 6. O-O c5 7. dxc5 Bxc5 8.
Qxd8+ Kxd8 9. b3 Ke7 10. Bb2 Nbd7 11. Be2 b6 12. Ne1 Bb7 13. Nd3 Bd6 14. Nd2 b5
15. a4 e5 16. f3 Nd5 17. Ne4 Nxe3 18. Nxd6 Kxd6 19. Rfc1 Nd5 20. Nf2 Nf4 21.
Bf1 b4 22. Rd1+ Ke7 23. Ng4 f6 24. Ne3 Rhd8 25. Rac1 g6 26. g3 Ne6 27. f4 exf4
28. gxf4 Ndc5 29. f5 Rxd1 30. Rxd1 Nf8 31. Re1 Kf7 32. Bc4+ Kg7 33. Ng4 gxf5
34. Nxf6 Kg6 35. Kf2 Ne4+ 36. Nxe4 fxe4 37. Rg1+ Kf5 38. Rg7 e3+ 39. Ke2 Be4
40. Kxe3 Bb1 41. h4 Re8+ 42. Kf3 h6 43. Rf7+ Kg6 44. Rf6+ Kh7 45. h5 Be4+ 46.
Kg3 Ng6 47. Rf7+ Kg8 48. hxg6 1-0

[Event "Parsvnath Commonwealth ch 2010"]
[Site "Nueva Delhi IND"]
[Date "2010.05.15"]
[Round "9.21"]
[White "Bakre, Tejas"]
[Black "Singh, Gurpreet Pal"]
[Result "1/2-1/2"]
[WhiteElo "2483"]
[BlackElo "2287"]
[PlyCount "68"]
[EventDate "2010.05.10"]
[EventType "swiss"]
[EventRounds "11"]
[EventCountry "IND"]
[Source "lmi"]
[SourceDate "2010.05.10"]

1. Nf3 Nf6 2. c4 g6 3. b3 Bg7 4. Bb2 d6 5. d4 O-O 6. g3 e5 7. dxe5 Ng4 8. Bg2
Nd7 9. O-O Re8 10. Nc3 dxe5 11. Ne4 Qe7 12. h3 Ngf6 13. Nxf6+ Bxf6 14. Nd2 e4
15. Bxf6 Nxf6 16. e3 h5 17. Qc2 Bf5 18. Rad1 Qe6 19. Kh2 Nh7 20. Qb2 Ng5 21. h4
Nh7 22. Nb1 Nf6 23. Qd4 Re7 24. Nc3 Rd7 25. Qc5 b6 26. Qa3 Qe5 27. Rxd7 Bxd7
28. Qc1 Bg4 29. Nb5 c6 30. Nd4 c5 31. Nb5 Rd8 32. Nxa7 Ra8 33. Nb5 Rxa2 34. Nc3
Ra7 1/2-1/2

[Event "Parsvnath Commonwealth ch 2010"]
[Site "Nueva Delhi IND"]
[Date "2010.05.15"]
[Round "9.22"]
[White "Ashwin, Jayaram"]
[Black "Das, Sayantan"]
[Result "1-0"]
[WhiteElo "2457"]
[BlackElo "2250"]
[PlyCount "65"]
[EventDate "2010.05.10"]
[EventType "swiss"]
[EventRounds "11"]
[EventCountry "IND"]
[Source "lmi"]
[SourceDate "2010.05.10"]

1. e4 e5 2. Nf3 Nc6 3. Bb5 a6 4. Ba4 Nf6 5. O-O b5 6. Bb3 Bc5 7. a4 Rb8 8. c3
O-O 9. d4 Bb6 10. dxe5 Ng4 11. Bf4 Qe7 12. a5 Ba7 13. e6 dxe6 14. e5 f6 15.
exf6 Rxf6 16. Bg3 Bb7 17. h3 Nh6 18. Bh4 Kh8 19. Nbd2 Nf5 20. Bxf6 gxf6 21. Re1
e5 22. Qc2 Ng7 23. Nh4 f5 24. Ndf3 Qf6 25. Qd2 f4 26. Qd7 Nxa5 27. Rxa5 e4 28.
Qf7 Qh6 29. Ne5 Bxf2+ 30. Kf1 Nh5 31. Nhg6+ hxg6 32. Nxg6+ Qxg6 33. Qxg6 1-0

[Event "Parsvnath Commonwealth ch 2010"]
[Site "Nueva Delhi IND"]
[Date "2010.05.15"]
[Round "9.23"]
[White "Sriram, Jha"]
[Black "Abhishek, Das"]
[Result "1/2-1/2"]
[WhiteElo "2507"]
[BlackElo "2331"]
[PlyCount "66"]
[EventDate "2010.05.10"]
[EventType "swiss"]
[EventRounds "11"]
[EventCountry "IND"]
[Source "lmi"]
[SourceDate "2010.05.10"]

1. Nf3 c5 2. c3 d5 3. d4 e6 4. Bf4 Bd6 5. Bg3 Nf6 6. e3 Qc7 7. Nbd2 Nbd7 8. Bd3
e5 9. dxe5 Nxe5 10. Nxe5 Bxe5 11. Bb5+ Bd7 12. Bxe5 Qxe5 13. Bxd7+ Nxd7 14. Qb3
Rb8 15. Nf3 Qe6 16. O-O-O Nb6 17. e4 Qh6+ 18. Kb1 dxe4 19. Qb5+ Qc6 20. Qxc6+
bxc6 21. Ne5 O-O 22. Nxc6 Rb7 23. Na5 Re7 24. Rhe1 f5 25. Rd6 f4 26. Nc6 Ree8
27. b3 Rf5 28. c4 Nc8 29. Rd7 Rh5 30. g3 Rxh2 31. gxf4 Rxf2 32. Rg1 g6 33. Rh1
e3 1/2-1/2

[Event "Parsvnath Commonwealth ch 2010"]
[Site "Nueva Delhi IND"]
[Date "2010.05.15"]
[Round "9.24"]
[White "Murshed, Niaz"]
[Black "Abu Sufian, Shakil"]
[Result "0-1"]
[WhiteElo "2426"]
[BlackElo "2305"]
[PlyCount "73"]
[EventDate "2010.05.10"]
[EventType "swiss"]
[EventRounds "11"]
[EventCountry "IND"]
[Source "lmi"]
[SourceDate "2010.05.10"]

1. d4 d5 2. c4 dxc4 3. Nf3 Nf6 4. e3 e6 5. Bxc4 a6 6. O-O Nbd7 7. a4 b6 8. Nc3
Bb7 9. Qe2 c5 10. Rd1 Bd6 11. d5 exd5 12. Nxd5 Nxd5 13. Bxd5 Bxd5 14. Rxd5 Nf6
15. Rd3 O-O 16. b3 Qc7 17. Bb2 Ne4 18. Rad1 Rfd8 19. g3 Be7 20. Ne5 Rxd3 21.
Rxd3 Nd6 22. Qg4 Bf6 23. Nc4 Ne8 24. Qe4 Rc8 25. Bxf6 Nxf6 26. Qf4 Qxf4 27.
gxf4 b5 28. Na3 bxa4 29. bxa4 Kf8 30. Rd6 c4 31. Rxa6 c3 32. Nc2 Rb8 33. Rc6
Nd5 34. Rc5 Rb2 35. Nd4 Rd2 36. a5 Nxf4 37. Rc8+ 0-1

[Event "Parsvnath Commonwealth ch 2010"]
[Site "Nueva Delhi IND"]
[Date "2010.05.15"]
[Round "9.25"]
[White "Rathnakaran, K."]
[Black "Hasan, Mehdi"]
[Result "0-1"]
[WhiteElo "2397"]
[BlackElo "2287"]
[PlyCount "158"]
[EventDate "2010.05.10"]
[EventType "swiss"]
[EventRounds "11"]
[EventCountry "IND"]
[Source "lmi"]
[SourceDate "2010.05.10"]

1. e4 c5 2. Nf3 e6 3. d3 d5 4. Nbd2 Nf6 5. g3 g6 6. Bg2 Bg7 7. O-O Nc6 8. exd5
Nxd5 9. Ne4 b6 10. Bg5 f6 11. c4 Nc7 12. Qa4 Bd7 13. Be3 O-O 14. Rae1 Qe7 15.
Qa3 e5 16. Nxc5 bxc5 17. Bxc5 Qf7 18. b4 a6 19. Bxf8 Bxf8 20. c5 a5 21. d4 axb4
22. Qd3 Ra3 23. Qe4 Rxf3 24. Bxf3 Nxd4 25. Bg2 Bc6 26. Qb1 Bxg2 27. Kxg2 Bxc5
28. f4 Qd5+ 29. Qe4 Qxa2+ 30. Rf2 Qd5 31. Qxd5+ Nxd5 32. fxe5 f5 33. e6 b3 34.
Rd2 Ne7 35. Re5 Bb6 36. Re3 Kf8 37. Rxd4 Bxd4 38. Rxb3 Kg7 39. Rb4 Be5 40. Kf3
Kf6 41. Rb6 g5 42. h3 h5 43. g4 fxg4+ 44. hxg4 h4 45. Ke4 Bg3 46. Kf3 Be5 47.
Ke4 h3 48. Rb3 h2 49. Rh3 Bg3 50. Kf3 Bd6 51. Kg2 Ng6 52. Kh1 Kxe6 53. Re3+ Kf6
54. Rb3 Bf4 55. Rb6+ Kf7 56. Rb7+ Kf8 57. Kg2 Ne5 58. Rb8+ Ke7 59. Rb7+ Kd6 60.
Rb1 Nxg4 61. Kf3 Ne5+ 62. Kg2 Ke6 63. Rb3 Kf5 64. Ra3 Ng4 65. Rh3 Kg6 66. Rh8
Be5 67. Rh3 Bb8 68. Rh8 Bc7 69. Rg8+ Kf5 70. Rf8+ Nf6 71. Rh8 Be5 72. Rh3 g4
73. Rh6 Ne4 74. Rh5+ Ng5 75. Rh6 g3 76. Rh5 Kg4 77. Rh6 Ne4 78. Rb6 Nf2 79.
Rb4+ Bf4 0-1

[Event "Parsvnath Commonwealth ch 2010"]
[Site "Nueva Delhi IND"]
[Date "2010.05.15"]
[Round "9.26"]
[White "Atabayev, Yusup"]
[Black "Lodhi, Mahmood"]
[Result "1/2-1/2"]
[WhiteElo "2217"]
[BlackElo "2377"]
[PlyCount "106"]
[EventDate "2010.05.10"]
[EventType "swiss"]
[EventRounds "11"]
[EventCountry "IND"]
[Source "lmi"]
[SourceDate "2010.05.10"]

1. e4 e5 2. Nf3 Nc6 3. Nc3 Nf6 4. Bb5 Nd4 5. Ba4 Bc5 6. O-O O-O 7. d3 c6 8. Bg5
h6 9. Bh4 g5 10. Bg3 d6 11. Nxd4 Bxd4 12. Kh1 a5 13. a3 Be6 14. Bb3 Bxb3 15.
cxb3 Nd7 16. Qc2 f5 17. exf5 Rxf5 18. Ne2 Qf6 19. f3 h5 20. Nxd4 exd4 21. Bf2
d5 22. Rae1 Rf8 23. Kg1 g4 24. fxg4 hxg4 25. Qe2 Ne5 26. Bxd4 Nf3+ 27. gxf3
Qxd4+ 28. Kh1 gxf3 29. Qe6+ Kh7 30. Qd6 R8f7 31. Re6 Qf4 32. Qxf4 Rxf4 33. Rf2
R4f6 34. Rxf6 Rxf6 35. h3 Re6 36. Rxf3 Re2 37. Rf7+ Kg6 38. Rxb7 Rxb2 39. Rb6
Rc2 40. b4 axb4 41. axb4 Kf5 42. b5 c5 43. Rc6 Kf4 44. b6 Rb2 45. Kg1 Kg3 46.
Rg6+ Kxh3 47. Rg5 d4 48. Rxc5 Kg3 49. Rg5+ Kf3 50. Rg6 Rb1+ 51. Kh2 Ke2 52. Kg2
Kxd3 53. Kf2 Rb5 1/2-1/2

[Event "Parsvnath Commonwealth ch 2010"]
[Site "Nueva Delhi IND"]
[Date "2010.05.15"]
[Round "9.27"]
[White "Nitin, S."]
[Black "Kathmale, Sameer"]
[Result "1-0"]
[WhiteElo "2363"]
[BlackElo "2140"]
[PlyCount "53"]
[EventDate "2010.05.10"]
[EventType "swiss"]
[EventRounds "11"]
[EventCountry "IND"]
[Source "lmi"]
[SourceDate "2010.05.10"]

1. e4 c6 2. d4 d5 3. Nc3 dxe4 4. Nxe4 Nf6 5. Nxf6+ gxf6 6. Bc4 Bf5 7. Ne2 Nd7
8. Ng3 Bg6 9. O-O e5 10. f4 exd4 11. Re1+ Be7 12. f5 Ne5 13. fxg6 hxg6 14. Bd3
Qc7 15. Bf4 O-O-O 16. Nf1 Bd6 17. Bg3 f5 18. Bxe5 Bxe5 19. h3 c5 20. b3 Rh4 21.
a4 f6 22. a5 Qc6 23. a6 b6 24. Nd2 Bg3 25. Bb5 Qd6 26. Qf3 Bxe1 27. Qb7# 1-0

[Event "Parsvnath Commonwealth ch 2010"]
[Site "Nueva Delhi IND"]
[Date "2010.05.15"]
[Round "9.29"]
[White "Khusnutdinov, Rustam"]
[Black "Sahoo, Utkal Ranjan"]
[Result "1-0"]
[WhiteElo "2525"]
[BlackElo "2231"]
[PlyCount "92"]
[EventDate "2010.05.10"]
[EventType "swiss"]
[EventRounds "11"]
[EventCountry "IND"]
[Source "lmi"]
[SourceDate "2010.05.10"]

1. Nf3 Nf6 2. c4 c5 3. Nc3 d6 4. d4 cxd4 5. Nxd4 g6 6. e4 Bg7 7. Be2 Bd7 8. O-O
Nc6 9. Be3 O-O 10. Qd2 Ng4 11. Bxg4 Bxg4 12. f3 Bd7 13. Rfd1 Ne5 14. b3 Rc8 15.
Rac1 a6 16. a4 Kh8 17. Nde2 Bc6 18. Nd5 Qe8 19. Nd4 e6 20. Nf4 Rd8 21. Rc2 d5
22. exd5 exd5 23. c5 Qd7 24. Nfe2 Rde8 25. Bh6 Re7 26. Ng3 Rfe8 27. Bxg7+ Kxg7
28. Ngf5+ gxf5 29. Qg5+ Ng6 30. Nxf5+ Qxf5 31. Qxf5 Re3 32. Rxd5 Rxb3 33. Rd6
Rb1+ 34. Kf2 Bxa4 35. Qf6+ Kg8 36. Re2 Rf8 37. h4 Rh1 38. Qg5 Bb5 39. Re1 Rxe1
40. Kxe1 Re8+ 41. Kf2 a5 42. h5 a4 43. hxg6 hxg6 44. Rd8 Rxd8 45. Qxd8+ Kg7 46.
g3 a3 1-0

[Event "Parsvnath Commonwealth ch 2010"]
[Site "Nueva Delhi IND"]
[Date "2010.05.15"]
[Round "9.31"]
[White "Himanshu, Sharma"]
[Black "Phadke Sohan"]
[Result "1/2-1/2"]
[WhiteElo "2440"]
[BlackElo "2208"]
[PlyCount "61"]
[EventDate "2010.05.10"]
[EventType "swiss"]
[EventRounds "11"]
[EventCountry "IND"]
[Source "lmi"]
[SourceDate "2010.05.10"]

1. e4 c5 2. Nf3 Nc6 3. d4 cxd4 4. Nxd4 Nf6 5. Nc3 e5 6. Ndb5 d6 7. Bg5 a6 8.
Na3 b5 9. Nd5 Be7 10. Bxf6 Bxf6 11. c4 Nd4 12. Bd3 Bb7 13. O-O Bxd5 14. exd5
Rb8 15. cxb5 axb5 16. Nc2 O-O 17. Nxd4 exd4 18. Rc1 Qa5 19. Qf3 Be5 20. Qh3 g6
21. f4 Bg7 22. f5 Qd2 23. Rce1 Rfe8 24. Rxe8+ Rxe8 25. fxg6 hxg6 26. Qd7 Qe3+
27. Kh1 Re7 28. Qxb5 Be5 29. Qc4 Kg7 30. Bc2 Bxh2 31. Kxh2 1/2-1/2

[Event "Parsvnath Commonwealth ch 2010"]
[Site "Nueva Delhi IND"]
[Date "2010.05.15"]
[Round "9.32"]
[White "Konguvel, Ponnuswamy"]
[Black "Antonio, Viani D'cunha"]
[Result "1-0"]
[WhiteElo "2412"]
[BlackElo "2201"]
[PlyCount "59"]
[EventDate "2010.05.10"]
[EventType "swiss"]
[EventRounds "11"]
[EventCountry "IND"]
[Source "lmi"]
[SourceDate "2010.05.10"]

1. e4 c5 2. Nf3 d6 3. d4 cxd4 4. Nxd4 Nf6 5. Nc3 g6 6. Be3 Bg7 7. f3 O-O 8. Qd2
Nc6 9. Bc4 Bd7 10. Bb3 Rc8 11. O-O-O Ne5 12. Kb1 Re8 13. h4 h5 14. g4 hxg4 15.
h5 Nxh5 16. Bh6 e6 17. Rdg1 Qf6 18. fxg4 Bxh6 19. Qxh6 Qg7 20. Qd2 Nf6 21. g5
Nh5 22. Nce2 Bc6 23. Qe3 d5 24. Ng3 Nxg3 25. Rxg3 dxe4 26. Nxc6 Nxc6 27. Rgh3
Ne7 28. Qxe4 a5 29. Bxe6 fxe6 30. Qxe6+ 1-0

[Event "Parsvnath Commonwealth ch 2010"]
[Site "Nueva Delhi IND"]
[Date "2010.05.15"]
[Round "9.34"]
[White "Narayanan, Srinath"]
[Black "Phiri, Richmond"]
[Result "1-0"]
[WhiteElo "2393"]
[BlackElo "2165"]
[PlyCount "96"]
[EventDate "2010.05.10"]
[EventType "swiss"]
[EventRounds "11"]
[EventCountry "IND"]
[Source "lmi"]
[SourceDate "2010.05.10"]

1. e4 c5 2. Nf3 e6 3. d4 cxd4 4. Nxd4 a6 5. Nc3 Qc7 6. Bd3 Bc5 7. Nb3 Be7 8.
Qg4 g6 9. Qe2 d6 10. O-O Nd7 11. Bd2 Ngf6 12. Bh6 Bf8 13. Bxf8 Kxf8 14. f4 Kg7
15. Rae1 Re8 16. Kh1 e5 17. Qf2 Qd8 18. h3 exf4 19. Qxf4 Ne5 20. Be2 Be6 21.
Nd4 Rc8 22. Nd1 Nc6 23. Nxc6 Rxc6 24. Ne3 Nd7 25. Qg3 Ne5 26. b3 b5 27. Rd1 Qc7
28. Qf4 Qe7 29. Rd4 Rec8 30. a4 Rb8 31. axb5 axb5 32. b4 h5 33. Rfd1 Kg8 34.
Kh2 Rbb6 35. Ra1 Rb8 36. Ra5 Rcb6 37. Kh1 Qc7 38. Ra3 Rd8 39. Bd1 Nc6 40. Rd2
Ne5 41. Nf5 Bxf5 42. exf5 Qe7 43. f6 Qf8 44. Rg3 Kh7 45. Bxh5 Qh6 46. Rg5 Re8
47. Be2 Ra6 48. Qg3 Kg8 1-0

[Event "Parsvnath Commonwealth ch 2010"]
[Site "Nueva Delhi IND"]
[Date "2010.05.15"]
[Round "9.35"]
[White "Shivananda, B.S."]
[Black "Tejas, Ravichandran"]
[Result "1-0"]
[WhiteElo "2387"]
[BlackElo "2165"]
[PlyCount "79"]
[EventDate "2010.05.10"]
[EventType "swiss"]
[EventRounds "11"]
[EventCountry "IND"]
[Source "lmi"]
[SourceDate "2010.05.10"]

1. e4 e6 2. b3 b6 3. Bb2 Bb7 4. Nc3 c5 5. Qf3 Nf6 6. O-O-O a6 7. Re1 d6 8. g4
Nc6 9. g5 Nd7 10. Qg3 Qc7 11. f4 O-O-O 12. f5 Nd4 13. fxe6 fxe6 14. Bh3 Kb8 15.
Nge2 Ne5 16. Nf4 Qe7 17. Rhf1 Nf7 18. Rg1 Rg8 19. g6 hxg6 20. Nxg6 Qe8 21. Ne2
e5 22. Nc3 Nh8 23. Nh4 Be7 24. Nf5 Nxf5 25. Bxf5 Bf6 26. Qd3 Nf7 27. Nd5 Ka7
28. Re2 Nh6 29. Bh3 Rf8 30. Reg2 Rf7 31. a4 Bc8 32. Bxc8 Rxc8 33. Nxf6 gxf6 34.
Qh3 Qh8 35. Rg6 Rh7 36. Rxh6 Rxh6 37. Qd7+ Kb8 38. Rg7 Qxg7 39. Qxg7 Rxh2 40.
Bc3 1-0

[Event "Parsvnath Commonwealth ch 2010"]
[Site "Nueva Delhi IND"]
[Date "2010.05.15"]
[Round "9.37"]
[White "Stany, G.A."]
[Black "Debashish, Dutta"]
[Result "1-0"]
[WhiteElo "2330"]
[BlackElo "2160"]
[PlyCount "71"]
[EventDate "2010.05.10"]
[EventType "swiss"]
[EventRounds "11"]
[EventCountry "IND"]
[Source "lmi"]
[SourceDate "2010.05.10"]

1. e4 c5 2. Nf3 Nc6 3. d4 cxd4 4. Nxd4 g6 5. c4 Bg7 6. Be3 Nf6 7. Nc3 d6 8. Be2
O-O 9. O-O Bd7 10. Qd2 Nxd4 11. Bxd4 Qa5 12. f3 Rfc8 13. Rac1 Be6 14. b3 a6 15.
Qd3 Nd7 16. Bxg7 Kxg7 17. f4 f6 18. Nd5 Bxd5 19. exd5 Rc7 20. Kh1 Nc5 21. Qb1
Qb4 22. Rf3 a5 23. Qb2 Qb6 24. a3 Nd7 25. Re1 Nf8 26. Bd3 Kf7 27. Rfe3 Qc5 28.
f5 Re8 29. Rg3 g5 30. Qe2 Rcc8 31. h4 h6 32. hxg5 hxg5 33. Rh3 Kg7 34. Qh5 Qf2
35. Rf1 Qd4 36. Be2 1-0

[Event "Parsvnath Commonwealth ch 2010"]
[Site "Nueva Delhi IND"]
[Date "2010.05.15"]
[Round "9.39"]
[White "Agaragimov, Djakhangir"]
[Black "Karma, Pandya"]
[Result "1-0"]
[WhiteElo "2304"]
[BlackElo "2134"]
[PlyCount "81"]
[EventDate "2010.05.10"]
[EventType "swiss"]
[EventRounds "11"]
[EventCountry "IND"]
[Source "lmi"]
[SourceDate "2010.05.10"]

1. Nf3 c5 2. g3 Nc6 3. Bg2 g6 4. O-O Bg7 5. c3 e5 6. d3 Nge7 7. Nbd2 d5 8. e4
O-O 9. Qc2 d4 10. a3 Bd7 11. Rb1 a5 12. a4 Rb8 13. Nc4 b5 14. axb5 Rxb5 15. Ra1
Qc7 16. Bd2 Rfb8 17. Ra2 Be6 18. Rfa1 Qd7 19. Bf1 Nc8 20. Qc1 Nd6 21. cxd4 exd4
22. Bf4 Bxc4 23. dxc4 Rb3 24. Ne1 Re8 25. Nd3 Nb7 26. Qd1 Rb6 27. Bg2 Qe6 28.
Bc7 Ra6 29. Qb3 Nb4 30. Nxb4 cxb4 31. Bxa5 Nc5 32. Qxb4 Nxe4 33. Re1 Bf8 34.
Qb5 f5 35. f3 d3 36. fxe4 d2 37. Rd1 Bh6 38. e5 Be3+ 39. Kh1 Kh8 40. Bd5 Qxe5
41. Bc3 1-0

[Event "Parsvnath Commonwealth ch 2010"]
[Site "Nueva Delhi IND"]
[Date "2010.05.17"]
[Round "10.1"]
[White "Bocharov, Dmitry"]
[Black "Maletin, Pavel"]
[Result "1/2-1/2"]
[WhiteElo "2592"]
[BlackElo "2584"]
[PlyCount "40"]
[EventDate "2010.05.10"]
[EventType "swiss"]
[EventRounds "11"]
[EventCountry "IND"]
[Source "lmi"]
[SourceDate "2010.05.10"]

1. d4 d5 2. c4 c6 3. Nc3 Nf6 4. Nf3 dxc4 5. a4 Bf5 6. Ne5 e6 7. f3 Bb4 8. e4
Bxe4 9. fxe4 Nxe4 10. Bd2 Qxd4 11. Nxe4 Qxe4+ 12. Qe2 Bxd2+ 13. Kxd2 Qd5+ 14.
Kc2 Na6 15. Nxc4 O-O 16. Qe5 Rab8 17. Rd1 Nb4+ 18. Kc1 Na2+ 19. Kc2 Nb4+ 20.
Kc1 Na2+ 1/2-1/2

[Event "Parsvnath Commonwealth ch 2010"]
[Site "Nueva Delhi IND"]
[Date "2010.05.17"]
[Round "10.3"]
[White "Ashwin, Jayaram"]
[Black "Gupta, Abhijeet"]
[Result "0-1"]
[WhiteElo "2457"]
[BlackElo "2570"]
[PlyCount "62"]
[EventDate "2010.05.10"]
[EventType "swiss"]
[EventRounds "11"]
[EventCountry "IND"]
[Source "lmi"]
[SourceDate "2010.05.10"]

1. e4 e5 2. Nf3 Nc6 3. Bb5 Nf6 4. Nc3 Nd4 5. Bc4 Bc5 6. d3 d6 7. Nxd4 Bxd4 8.
Be3 O-O 9. O-O Be6 10. Bb3 c5 11. Bg5 Bxc3 12. bxc3 h6 13. Bxe6 hxg5 14. Bc4 g6
15. Rb1 Rb8 16. Qd2 Nh5 17. d4 Qe7 18. Rfd1 Rfd8 19. h4 gxh4 20. Qh6 Nf4 21. g3
Qg5 22. Qxh4 Qxh4 23. gxh4 cxd4 24. cxd4 Rdc8 25. Bf1 Rxc2 26. dxe5 dxe5 27.
Rd7 Rbc8 28. Rbxb7 Rc1 29. Rxf7 Rxf1+ 30. Kh2 Rxf2+ 31. Kg3 Rg2+ 0-1

[Event "Parsvnath Commonwealth ch 2010"]
[Site "Nueva Delhi IND"]
[Date "2010.05.17"]
[Round "10.4"]
[White "Tania, Sachdev"]
[Black "Safarli, Eltaj"]
[Result "1/2-1/2"]
[WhiteElo "2398"]
[BlackElo "2610"]
[PlyCount "78"]
[EventDate "2010.05.10"]
[EventType "swiss"]
[EventRounds "11"]
[EventCountry "IND"]
[Source "lmi"]
[SourceDate "2010.05.10"]

1. d4 Nf6 2. c4 g6 3. Nc3 d5 4. Nf3 Bg7 5. Bf4 O-O 6. e3 c5 7. dxc5 Qa5 8. Rc1
dxc4 9. Bxc4 Qxc5 10. Bb3 Nc6 11. O-O Qa5 12. h3 Bf5 13. Qe2 Ne4 14. g4 Nxc3
15. bxc3 Bd7 16. Rfd1 Rad8 17. Rd5 Qa3 18. Rcd1 Be6 19. Rxd8 Nxd8 20. Qb5 a6
21. Qb6 Bxb3 22. axb3 Ne6 23. Be5 Qc5 24. Qxc5 Nxc5 25. b4 Ne4 26. Rd7 f6 27.
Bh2 e5 28. Rxb7 Nxc3 29. g5 e4 30. Nd4 Rf7 31. Rb8+ Rf8 32. Rb6 Nd5 33. Rxa6
Nxb4 34. Re6 Nd3 35. Bd6 Ra8 36. gxf6 Bf8 37. Bxf8 Kxf8 38. Nb3 Kf7 39. Rd6 Re8
1/2-1/2

[Event "Parsvnath Commonwealth ch 2010"]
[Site "Nueva Delhi IND"]
[Date "2010.05.17"]
[Round "10.5"]
[White "Prasanna, Rao"]
[Black "Kunte, Abhijit"]
[Result "1/2-1/2"]
[WhiteElo "2309"]
[BlackElo "2523"]
[PlyCount "60"]
[EventDate "2010.05.10"]
[EventType "swiss"]
[EventRounds "11"]
[EventCountry "IND"]
[Source "lmi"]
[SourceDate "2010.05.10"]

1. e4 c5 2. Nf3 e6 3. d4 cxd4 4. Nxd4 Nf6 5. Nc3 d6 6. Be2 a6 7. O-O Be7 8. Be3
Nc6 9. f4 O-O 10. Kh1 Bd7 11. Qe1 b5 12. a3 Qb8 13. Bf3 Nxd4 14. Bxd4 e5 15.
Be3 Bc6 16. Qg3 Re8 17. fxe5 dxe5 18. Bh6 Bf8 19. Bg5 Be7 20. Bh6 g6 21. Bg5
Nd7 22. Rad1 Qc7 23. Bxe7 Rxe7 24. Bg4 Nc5 25. Qe3 Nb7 26. Rf6 Rd8 27. Rxd8+
Nxd8 28. Qc5 Kf8 29. h4 h5 30. Bh3 Bb7 1/2-1/2

[Event "Parsvnath Commonwealth ch 2010"]
[Site "Nueva Delhi IND"]
[Date "2010.05.17"]
[Round "10.6"]
[White "Shyam, Sundar M"]
[Black "Kravtsiv, Martyn"]
[Result "1/2-1/2"]
[WhiteElo "2372"]
[BlackElo "2546"]
[PlyCount "62"]
[EventDate "2010.05.10"]
[EventType "swiss"]
[EventRounds "11"]
[EventCountry "IND"]
[Source "lmi"]
[SourceDate "2010.05.10"]

1. e4 e5 2. Nf3 Nc6 3. Bb5 a6 4. Ba4 Nf6 5. d3 d6 6. c3 g6 7. O-O Bg7 8. Nbd2
O-O 9. Re1 Re8 10. Nf1 d5 11. exd5 Nxd5 12. Bg5 f6 13. Bh4 g5 14. Bg3 Bf5 15.
d4 e4 16. Bb3 Kh8 17. Bxd5 Qxd5 18. Ne3 Qd7 19. Nxf5 Qxf5 20. Nd2 Re7 21. Qc2
Qg6 22. d5 Ne5 23. Bxe5 Rxe5 24. Rxe4 Rxd5 25. Rae1 Rad8 26. Nf1 Re5 27. h3 Bf8
28. g4 Bd6 29. Kg2 b6 30. a3 a5 31. a4 Rxe4 1/2-1/2

[Event "Parsvnath Commonwealth ch 2010"]
[Site "Nueva Delhi IND"]
[Date "2010.05.17"]
[Round "10.7"]
[White "Abu Sufian, Shakil"]
[Black "Iuldachev, Saidali"]
[Result "1/2-1/2"]
[WhiteElo "2305"]
[BlackElo "2511"]
[PlyCount "37"]
[EventDate "2010.05.10"]
[EventType "swiss"]
[EventRounds "11"]
[EventCountry "IND"]
[Source "lmi"]
[SourceDate "2010.05.10"]

1. e4 e5 2. Nf3 Nc6 3. Bb5 Nf6 4. O-O Nxe4 5. d4 Nd6 6. Bxc6 dxc6 7. dxe5 Nf5
8. Qxd8+ Kxd8 9. Nc3 h6 10. h3 Be6 11. g4 Ne7 12. Nd4 Bd7 13. f4 c5 14. Nf3 g6
15. Be3 b6 16. Rad1 Kc8 17. Rd2 Bc6 18. Kg2 Kb7 19. Rfd1 1/2-1/2